The coastal ocean: a derivative of encyclopedia of ocean sciences

Saved in:
Bibliografiske detaljer
Hovedforfatter: Turekian, Karl K (Author)
Format: Bog
Sprog:engelsk
Udgivet: Londres Elsevier 2010
Udgivelse:2a. ed
Fag:
Tags: Tilføj Tag
Ingen Tags, Vær først til at tagge denne postø!

MARC

LEADER 00000cam a2200000 a 4500
001 UCD9647
003 CL-VaPUC
008 170630e20100000uk |||||||||||||||||eng|d
020 |a 9780123813954 
082 0 4 |a 551.48  |b TUR  |2 21 
100 0 |a Turekian, Karl K  |e author  |9 593308 
245 1 4 |a The coastal ocean: a derivative of encyclopedia of ocean sciences 
250 |a 2a. ed 
300 |a 731 p 
942 |c BK 
945 |d 20170630 21:31:00  |a dcastane 
260 |a Londres  |b Elsevier  |c 2010 
650 0 |a Hidrología  |9 261396 
650 0 |a Rios  |9 261760 
650 0 |a Océanos   |9 344473 
650 7 |a LAGOS  |2 CL-VaPUC  |9 261209 
650 0 |a Lagunas  |9 357426 
650 0 |a Arrecifes  |9 262075 
583 |a last modification  |c 20170630 21:31:00  |k Rodrigo Vera 
999 |c 368723  |d 368721 
952 |0 0  |1 0  |2 ddc  |3 erb  |4 0  |6 551_480000000000000_TUR_2010  |7 0  |8 CCM  |9 484129  |a BIBCUR  |b BIBCUR  |i 5403138  |o 551.48 TUR 2010  |p 5403138  |r 2025-04-22  |w 2019-11-24  |y MP  |z Catalogado en:20170630  |k CIM